Select all greenhouse gases. - Statistics

General Stats
  • This quiz has been taken 17 times
  • The average score is 5 of 6
Answer Stats
Question Tile Select % Correct
Greenhouse gases. CO₂ Yes
100%
Greenhouse gases. Ne No
100%
Greenhouse gases. CH₄ Yes
93%
Greenhouse gases. O₂ No
86%
Greenhouse gases. N₂O Yes
79%
Greenhouse gases. H₂O Yes
29%
No matching quizzes found
Score Distribution
Percent of People with Each Score
Percentile by Number Answered
Your Score History
You have not taken this quiz